Ten Green Bottles: Sing-along books, il. Frank Endersby (Registro nro. 47735)
[ vista simple ]
| 000 -LÍDER | |
|---|---|
| Campo fijo de descripción fija | 002360000a22000970004500 |
| 001 - NÚMERO DE CONTROL | |
| Campo de control | 524 |
| 245 10 - TÍTULO | |
| Título del Material | Ten Green Bottles: Sing-along books, il. Frank Endersby |
| 260 ## - PUBLICACIÓN, DISTRIBUCIÓN, ETC. (PIE DE IMPRENTA) | |
| Lugar de publicación, distribución, etc. | Vietnam: Parragon |
| 300 ## - DESCRIPCIÓN FÍSICA | |
| Extensión | [ 12 p. ] |
| 500 ## - NOTA GENERAL | |
| Nota General | Texto pasta dura |
No hay ítems disponibles.
